书目信息 |
| 题名: |
新文化运动与百年新思潮
|
|
| 作者: | 姚舒扬 , 陶梦真 , 商雪晴 著 | |
| 分册: | ||
| 出版信息: | 合肥 安徽大学出版社 2016 |
|
| 页数: | 168页 | |
| 开本: | 24cm | |
| 丛书名: | ||
| 单 册: | ||
| 中图分类: | K261.107 , K260.3 | |
| 科图分类: | ||
| 主题词: | 五四运动--wu si yun dong--研究 , 文化史--wen hua shi--研究--中国--现代 | |
| 电子资源: | ||
| ISBN: | 978-7-5664-1137-2 | |
| 000 | 01090nam0 22003011 450 | |
| 001 | 0120082251 | |
| 005 | 20170320082251.0 | |
| 010 | @a978-7-5664-1137-2@dCNY28.00 | |
| 100 | @a20170215d2016 em y0chiy50 ea | |
| 101 | 0 | @achi |
| 102 | @aCN@b340100 | |
| 105 | @aa z 000yy | |
| 106 | @ar | |
| 200 | 1 | @a新文化运动与百年新思潮@9xin wen hua yun dong yu bai nian xin si chao@f姚舒扬,陶梦真,商雪晴著 |
| 210 | @a合肥@c安徽大学出版社@d2016 | |
| 215 | @a168页@c图,照片@d24cm | |
| 300 | @a新文化运动与百年中国/刘勇,李春雨主编 | |
| 300 | @a全国高校出版社主题出版 | |
| 330 | @a本书立足于详实的史料,从社会的不同层面出发,生动、全面地展现了新文化运动以来百年中国思想的进步与发展。主要内容包括:救亡与启蒙、“问题”与“主义”、学习与运动等。 | |
| 606 | 0 | @a五四运动@9wu si yun dong@x研究 |
| 606 | 0 | @a文化史@9wen hua shi@x研究@y中国@z现代 |
| 690 | @aK261.107@v5 | |
| 690 | @aK260.3@v5 | |
| 701 | 0 | @a姚舒扬@9yao shu yang@4著 |
| 701 | 0 | @a陶梦真@9tao meng zhen@4著 |
| 701 | 0 | @a商雪晴@9shang xue qing@4著 |
| 801 | 0 | @aCN@bTANGWEI@c20170308 |
| 905 | @b0957483-5@dK261.107@e119@f3 | |
| 新文化运动与百年新思潮/姚舒扬,陶梦真,商雪晴著.-合肥:安徽大学出版社,2016 |
| 168页:图,照片;24cm |
| 新文化运动与百年中国/刘勇,李春雨主编.-全国高校出版社主题出版 |
| ISBN 978-7-5664-1137-2:CNY28.00 |
| 本书立足于详实的史料,从社会的不同层面出发,生动、全面地展现了新文化运动以来百年中国思想的进步与发展。主要内容包括:救亡与启蒙、“问题”与“主义”、学习与运动等。 |
| ● |
| 相关链接 |
|
|
|
|
正题名:新文化运动与百年新思潮
索取号:K261.107/119
 
预约/预借
| 序号 | 登录号 | 条形码 | 馆藏地/架位号 | 状态 | 备注 |
| 1 | 0957483 | 209574833 | 第二样本阅览室/ [索取号:K261.107/119] | 在馆 | |
| 2 | 0957484 | 209574842 | 第二借阅区/ [索取号:K261.107/119] | 在馆 | |
| 3 | 0957485 | 209574851 | 密集书库-史法系/ [索取号:K261.107/119] | 在馆 |